| 000 | 01418cam a2200193 4500 | ||
|---|---|---|---|
| 001 | ##L132081 | ||
| 008 | 060103n2005 000 0 eng u | ||
| 035 | _a(Sirsi) u132081 | ||
| 041 | 0 | _aeng | |
| 050 | 0 | 4 | _a346.41043 $2 18 |
| 110 | 1 |
_aUnited Kingdom _bOffice of the Deputy Prime Minister |
|
| 245 | 0 | 0 |
_aRevising the model standards for park homes _bconsultation paper on revised standards and guidance |
| 260 |
_aLondon _bODPM _c2005 |
||
| 520 | _aSets out government recommendations to revise and update the 1989 model standards for permanent residential mobile home sites. The model standards are good practice standards relating to such things as layout and provision of facilities, services and equipment for park home sites. Local authorities take them into account when considering what (if any) conditions should be attached to site licences. The updated model standards presented incorporate the recommendations of the Park Homes Working Party. Guidance notes which would accompany the standards are also included. Covers England and Wales. Responses are required by 13 April 2006. | ||
| 590 | _aIKA030106 | ||
| 690 | _aPROPERTY-RESIDENTIAL PROPERTY-TEMPORARY AND MOBILE RESIDENTIAL PROPERTY-TEMPORARY AND MOBILE RESIDENTIAL FACILITIES | ||
| 856 | 4 | 0 |
_uhttps://www.communities.gov.uk/archived/publications/housing/revisingmodel _zView the consultation free of charge at www.dclg.gov.uk... |
| 942 | _n0 | ||
| 999 |
_c105010 _d105010 |
||